| 000 | 00822cab a2200253 4500 | ||
|---|---|---|---|
| 001 | ABS56611 | ||
| 008 | 090401t1997 xxu||||| |||| 00| 0 eng d | ||
| 035 | _a(Sirsi) u24837 | ||
| 041 | _aeng | ||
| 100 | _aGray, R. | ||
| 245 | _aGolden age for the silver screen | ||
| 260 | _c1997 | ||
| 350 | _a0 | ||
| 490 |
_aEstates Gazette _v(9708) 22 February 1997, 70-72(3) |
||
| 520 | _aAs cinemas regain their popularity, Multiplex operators are planning more sites. This article assesses the recent growth of the industry and warns of saturation within the next three years. Statistics. | ||
| 650 | _aCINEMAS | ||
| 650 | _aFORECASTS | ||
| 650 | _aLEISURE MARKET | ||
| 650 | _aMULTIPLEX CINEMAS | ||
| 690 | _aPROPERTY-COMMERCIAL PROPERTY | ||
| 690 | _aLEISURE AND RECREATION | ||
| 942 | _n0 | ||
| 948 | _c04/03/1997 | ||
| 999 |
_c16660 _d16660 |
||